Les pays avec le plus de médailles d'or au 100 mètres (athlétisme) - Statistiques

Statistiques générales
  • Ce quiz a été pris 476 fois
  • Le résultat moyen est 7 sur 12
Statistiques - réponses
Nombre de médailles d'or Pays % Correct
25 Etats-Unis
100%
6 Jamaïque
97%
3 Grande-Bretagne
87%
2 Canada
84%
2 Russie (Union soviétique)
79%
3 Allemagne
77%
2 Australie
52%
1 Trinité-et-Tobago
40%
1 Pays-Bas
39%
1 Pologne
33%
1 Afrique du Sud
32%
1 Biélorussie
5%
Aucun quiz correspondant
Distribution des résultats
% des personnes avec chaque résultat
Percentile par nombre de réponses
Votre historique - résultats
Vous n’avez pas pris ce quiz